000 00209 a2200097 4500
001 30558
100 _aEddy
245 _aBecoming a Teacher
260 _aColumbia
_bCollege of Teach
_c
090 _c20488
_d20488
942 _aNUST-CAE
_cM
_c11656
999 _c265631
_d265631